[Event "Goch op 27th"]
[Site "Goch"]
[Date "2016.09.02"]
[Round "3"]
[White "Emeljanov, Anatolij"]
[Black "Guelsen, Taylan"]
[Result "0-1"]
[WhiteElo "1909"]
[BlackElo "2072"]
[PlyCount "56"]
[EventDate "2016.09.01"]
[EventType "swiss"]
[EventRounds "7"]
[EventCountry "GER"]
[SourceTitle "EXT 2018"]
[Source "ChessBase"]
[SourceDate "2017.10.13"]
[SourceVersion "1"]
[SourceVersionDate "2017.10.13"]
[SourceQuality "1"]

1. e4 d6 2. d4 Nf6 3. Nc3 Nbd7 4. f4 e5 5. Nf3 exd4 6. Nxd4 g6 7. Be2 Bg7 8. 0-0 0-0 9. Be3 Re8 10. Bf3 Nc5 11. e5 dxe5 12. Ndb5 Ne6 13. fxe5 Nd7 14. Nxa7 Bxe5 15. Nxc8 Qxc8 16. Qd5 c6 17. Qc4 Qc7 18. h3 Bh2+ 19. Kh1 Ne5 20. Qh4 Ng7 21. Ne4 Nf5 22. Nf6+ Kg7 23. Nxe8+ Rxe8 24. Qf2 Ng3+ 25. Kxh2 Nxf3+ 26. Qxf3 Nxf1+ 27. Kg1 Nxe3 28. Re1 Qe5 0-1